000 00942nac a22002897a 4500
001 BR8701277
003 BR-BrBNA
005 20240105120450.0
008 230509b bl.|||m| |||| 00| 0 por d
040 _aBR-BrBNA
_bpor
_cBiblioteca Nacional de Agricultura
072 _aF30
090 _a0150 BR8701277
100 1 _aSoares, P.C.
100 1 _aFaria, E.A.
110 1 _aEmpresa de Pesquisa Agropecuaria de Minas Gerais, Belo Horizonte (Brasil)
245 1 _aProducao da soca de variedades de arroz irrigado na zona da Mata de Minas Gerais
260 3 _aBelo Horizonte, MG (Brasil):
_c1984.
300 _a1 p.
490 _aPesquisando - Empresa de Pesquisa Agropecuaria de Minas Gerais (Brazil)
_vno. 116
_xISSN 0101-2164
650 _aARROZ IRRIGADO
650 _aSOCA
650 _aVARIEDADE
650 _aLINHAGEM
650 _aMINAS GERAIS
909 _a202312
_bLúcia Elande
_c55
_dLúcia Elande
942 _2AGRIS
_n0
_cMS
999 _c279586
_d279586